000 00676nam a22002057a 4500
003 OSt
005 20220922225231.0
008 220922b |||||||| |||| 00| 0 eng d
020 _a968-7959-00-2
040 _cBiblioteca Lado V
082 _a708
_bL459p
100 _aLechugaparicio, Leobardo Jacob
_ecurador
245 _aPeriolibro/
_bIbero America Pinta 1997-2000/
260 _aMexico
_bUNESCO Mexico
_c1997
300 _a301p.
_c23x30cm
650 _2Tesauro de Arte & Arquitectura
_aPINTURA
650 _2Tesauro de Arte & Arquitectura
_aARTE VISUAL
650 _2Tesauro de Arte & Arquitectura
_aIBERO AMERICA
942 _2ddc
_c1
_h708
_iL459p
_n0
999 _c2128
_d2128